00409nam a2200193Ia 4500003000900000008004100009040001300050040001300063041000800076100001900084245001900103250001300122260001500135260000900150300001100159300001200170490002500182490000800207IT-RoPAU120407s9999 xx 000 0 und d aIT-RoPAU cIT-RoPAU aita aWilhelm Dreier aEtica sociale. aBrescia  aQueriniana c1989 a205 p. c19,5 cm aGiornale di teologia v192